MARC details
| 000 -LEADER |
| campo de control de longitud fija |
01465nam a22002537a 4500 |
| 003 - IDENTIFICADOR DE NÚMERO DE CONTROL |
| campo de control |
CoMeUDC |
| 005 - FECHA Y HORA DE LA ÚLTIMA TRANSACCIÓN |
| campo de control |
20210621160723.0 |
| 008 - DATOS DE LONGITUD FIJA--INFORMACIÓN GENERAL |
| campo de control de longitud fija |
210621b ||||| |||| 00| 0 eng d |
| 020 ## - NÚMERO INTERNACIONAL ESTÁNDAR DEL LIBRO |
| Número Internacional Estándar del Libro |
9789589913147 |
| 040 ## - FUENTE DE CATALOGACIÓN |
| Centro/agencia transcriptor |
CO-UdeCO |
| 082 ## - NÚMERO DE LA CLASIFICACIÓN DECIMAL DEWEY |
| Número de clasificación |
658.11 |
| Número de ítem |
G943 |
| 110 ## - ENTRADA PRINCIPAL--NOMBRE DE ENTIDAD CORPORATIVA |
| 9 (RLIN) |
88 |
| Nombre de entidad corporativa o nombre de jurisdicción como elemento de entrada |
Alcaldía de Medellín |
| 245 ## - MENCIÓN DEL TÍTULO |
| Título |
Guía de inicio para micro y pequeñas empresas : |
| Resto del título |
Medellín ciudad Cluster / |
| Mención de responsabilidad, etc. |
Alcaldía de Medellín. |
| 260 ## - PUBLICACIÓN, DISTRIBUCIÓN, ETC. |
| Lugar de publicación, distribución, etc. |
Medellín : |
| Nombre del editor, distribuidor, etc. |
Cámara de comercio de Medellín para Antioquia, |
| Fecha de publicación, distribución, etc. |
2011. |
| 300 ## - DESCRIPCIÓN FÍSICA |
| Extensión |
159 p. : |
| Otras características físicas |
il. ; |
| Dimensiones |
23 cm. |
| 504 ## - NOTA DE BIBLIOGRAFÍA, ETC. |
| Nota de bibliografía, etc. Nota |
Incluye bibliografía y sitios recomendados. |
| 505 ## - NOTA DE CONTENIDO CON FORMATO |
| Nota de contenido con formato |
Capítulo 1: Planear antes de crear empresa, 11 -- Capítulo 2: Planear y administrar la empresa, 49 -- Capítulo 3: mercadeo, mercado y TIC, 63 -- Capítulo 4: De los recursos humanos y el trabajo con la gente, 79 -- Capítulo 5: Procesos educativos de bienes o servicios, 93 -- Capítulo 6: Contabilidad y finanzas, 99 -- Capítulo 7: Costos y presupuestos de la empresa, 119 -- Capítulo 8: Con la DIAN y con el Estado, 131 -- Capítulo 9: Nuevas tecnologías: nuevos recursos, 137 -- Capítulo 10: La empresa y su compromiso con el medio ambiente, 143 -- Referencias bibliográficas, 155. |
| 546 ## - NOTA DE IDIOMA |
| Nota de lengua/lenguaje |
Español |
| 650 #0 - PUNTO DE ACCESO ADICIONAL DE MATERIA--TÉRMINO DE MATERIA |
| 9 (RLIN) |
357 |
| Término de materia o nombre geográfico como elemento de entrada |
Emprendimiento. |
| Subdivisión general |
Creación de empresa. |
| 650 #0 - PUNTO DE ACCESO ADICIONAL DE MATERIA--TÉRMINO DE MATERIA |
| 9 (RLIN) |
1233 |
| Término de materia o nombre geográfico como elemento de entrada |
Pymes |
| Subdivisión general |
Guía |
| 650 #0 - PUNTO DE ACCESO ADICIONAL DE MATERIA--TÉRMINO DE MATERIA |
| 9 (RLIN) |
72 |
| Término de materia o nombre geográfico como elemento de entrada |
Pequeña y mediana empresa |
| Subdivisión general |
Guía |
| 710 ## - ENTRADA AGREGADA--NOMBRE DE ENTIDAD CORPORATIVA |
| 9 (RLIN) |
609 |
| Nombre de entidad corporativa o nombre de jurisdicción como elemento de entrada |
Cámara de Comercio de Medellín. |
| 942 ## - ELEMENTOS DE ENTRADA SECUNDARIOS (KOHA) |
| Fuente del sistema de clasificación o colocación |
Clasificación Decimal Dewey |
| Tipo de ítem Koha |
Libros |